Conceptual models for nursing practice / (Record no. 3736)

000 -LEADER
fixed length control field 01012cam a22003252 4500
001 - CONTROL NUMBER
control field 012807787
003 - CONTROL NUMBER IDENTIFIER
control field ALUPE UNIVERSITY
005 - DATE AND TIME OF LATEST TRANSACTION
control field 20220207064615.0
008 - FIXED-LENGTH DATA ELEMENTS--GENERAL INFORMATION
fixed length control field 791204s1980 nyua b 001 0 eng
010 ## - LIBRARY OF CONGRESS CONTROL NUMBER
LC control number 79028305 //r943
020 ## - INTERNATIONAL STANDARD BOOK NUMBER
International Standard Book Number 0838512003 (pbk.)
035 ## - SYSTEM CONTROL NUMBER
System control number OCLC ocm05831647 from D970806M
040 ## - CATALOGING SOURCE
Original cataloging agency DLC
Transcribing agency ALUPE UNIVERSITY
Modifying agency VET
-- NLM
-- EQO
050 00 - LIBRARY OF CONGRESS CALL NUMBER
Classification number RT84.5
Item number .R53 1980
060 0# - NATIONAL LIBRARY OF MEDICINE CALL NUMBER
Classification number WY 100
Item number C744 1980
082 00 - DEWEY DECIMAL CLASSIFICATION NUMBER
Classification number 610.73/01
100 1# - MAIN ENTRY--PERSONAL NAME
Personal name Riehl-Sisca, Joan.
245 00 - TITLE STATEMENT
Title Conceptual models for nursing practice /
Statement of responsibility, etc. [edited by] Joan P. Riehl, Callista Roy.
250 ## - EDITION STATEMENT
Edition statement 2d ed.
260 ## - PUBLICATION, DISTRIBUTION, ETC.
Place of publication, distribution, etc. New York :
Name of publisher, distributor, etc. Appleton-Century-Crofts,
Date of publication, distribution, etc. c1980.
300 ## - PHYSICAL DESCRIPTION
Extent xvi, 416 p. :
Other physical details ill. ;
Dimensions 23 cm.
504 ## - BIBLIOGRAPHY, ETC. NOTE
Bibliography, etc. note Includes bibliographies and index.
650 #0 - SUBJECT ADDED ENTRY--TOPICAL TERM
Topical term or geographic name entry element Nursing
General subdivision Philosophy.
650 #0 - SUBJECT ADDED ENTRY--TOPICAL TERM
Topical term or geographic name entry element Nursing models.
650 #2 - SUBJECT ADDED ENTRY--TOPICAL TERM
Topical term or geographic name entry element Models, Theoretical
650 #2 - SUBJECT ADDED ENTRY--TOPICAL TERM
Topical term or geographic name entry element Nursing
700 1# - ADDED ENTRY--PERSONAL NAME
Personal name Roy, Callista.
942 ## - ADDED ENTRY ELEMENTS (KOHA)
Source of classification or shelving scheme
Koha item type Book
Suppress in OPAC BA
Holdings
Withdrawn status Lost status Source of classification or shelving scheme Damaged status Not for loan Permanent Location Current Location Shelving location Date acquired Source of acquisition Total Checkouts Full call number Barcode Date last seen Copy number Price effective from Koha item type Public note
          AU LIBRARY AU LIBRARY Open Shelf 07.02.2022 DONATION FROM MOI UNIVERSITY   RT84.5 .R54 1980 C1 28005250 07.02.2022 1 07.02.2022 Book BA
          AU LIBRARY AU LIBRARY Open Shelf 29.03.2022 DONATION FROM MOI UNIVERSITY   RT84.5 .R54 1980 C2 28011687 29.03.2022 2 29.03.2022 Book WO
          AU LIBRARY AU LIBRARY Open Shelf 31.03.2022 DONATION FROM MOI UNIVERSITY   RT84.5 .R53 1980 C3 28007197 31.03.2022 3 31.03.2022 Book PW
          AU LIBRARY AU LIBRARY Open Shelf 05.04.2022 DONATION FROM MOI UNIVERSITY   RT84.5 .R53 1980 C4 28007827 05.04.2022 4 05.04.2022 Book PW

Powered by Koha